00545nam a2200169Ia 450000500170000000800410001702000150005808200130007310000210008624500360010726000480014330000130019150000550020494200060025995200950026599900150036020250606031649.0240331s9999 xx 000 0 und d a9559008447 bATHa305 aAththanayake,D.R 0aYahapath biridak wiya haki maga aPanadurabSisksha manthira publishersc1999 a211 p ., aA book about how to help your husband to get ahead cL 001040708LaWERCLbWERCLcSSCd2024-03-31l0o 305 ATHp6178r2024-03-31w2024-03-31yL c5147d5147